Research for Effective Social Practice (Record no. 5023)

MARC details
005 - DATE AND TIME OF LATEST TRANSACTION
control field 20250625110817.0
020 ## - INTERNATIONAL STANDARD BOOK NUMBER
International Standard Book Number 978-0-07-311226-8
082 ## - DEWEY DECIMAL CLASSIFICATION NUMBER
Classification number 361.320 KRY
100 ## - MAIN ENTRY--PERSONAL NAME
Author name KRYSIK, J . L .
245 ## - TITLE STATEMENT
Title Research for Effective Social Practice
260 ## - PUBLICATION, DISTRIBUTION, ETC.
Place of publication, distribution, etc. Boston,
Name of publisher, distributor, etc. McGraw-Hill
Date of publication, distribution, etc. 2007.
300 ## - PHYSICAL DESCRIPTION
Extent xxix, 421p.: ill.; table,
Other physical details glossary & references,
Dimensions 23cm.
700 ## - ADDED ENTRY--PERSONAL NAME
Other authors/Editors FINN, J .
942 ## - ADDED ENTRY ELEMENTS (KOHA)
Source of classification or shelving scheme Dewey Decimal Classification
Koha item type Books
Holdings
Date last seen Total checkouts Full call number Barcode Cost, replacement price Price effective from Koha item type Lost status Source of classification or shelving scheme Damaged status Not for loan Withdrawn status Home library Current library Shelving location Date acquired Cost, normal purchase price Source of acquisition
06/25/2025   361.320 KRY MZA0002115 150000.00 06/25/2025 Books   Dewey Decimal Classification       CBE Mwanza CBE Mwanza General Collection 07/17/2007 50000.00  
06/26/2025   361.320 KRY MZA0002341 150000.00 06/26/2025 Books   Dewey Decimal Classification       CBE Mwanza CBE Mwanza General Collection 06/21/2022 50000.00 Library Budget